000 00365nam a2200145 a 4500
008 001113s1970||||xx 0 und c
040 _aSNK
_bslo
_cSNK
_eAACR2
100 1 _aMaugham, W. Somerset
245 1 0 _aĽahký život alebo rodinné tajomstvo
260 _av Bratislave
_bSs
_c1970
300 _a195 s.
044 _axo
_cSK
041 _aslo
020 _c11,50
999 _c12122
_d12122